01320nam a2200313 a 450000100060000000300080000600500170001400800410003103500200007204000370009204100080012908200260013711000440016324500850020726000360029230000260032849000510035450001190040550400390052465000460056365000480060965100630065770000270072070000300074783000590077794200120083699900170084895201410086542514BD-RjUL20211209053543.0160613s1963 nyu b 001 0 eng  a(BD-RjUL) 42632 aDLCcDLCdUKMdEQOdBD-RjULbeng aeng00a324.273223bCAS 19632 aEagleton Institute of Politics.913075700aCases on party organization /cJames N. Rosenau [et. al.] ; Editor: Paul Tillett aNew York :bMcGraw-Hill,cc1963 avii, 215 p. ;c24 cm.1 aEagleton Institute cases in practical politics aOn half title: Eagleton Institute of Practical Politics, Rutgers, the State University, New Brunswick, New Jersey. aBibliography: p. 211-212 and index 0aPolitical partieszUnited States.9130754 0aPolitics, PracticalzUnited States.9130405 0aUnited StatesxPolitics and governmenty1953-1961.91288461 aTillett, Paul.91307551 aRosenau, James N.9129566 0aEagleton Institute cases in practical politics9130758 2ddccBK c42514d42514 00102ddc40708NFICaRUCLbRUCLcStackd1967-03-31ePak Ameriacag17.50l0o324.273 CAS 1963r2016-06-13 00:00:00tC-2w2016-06-13yBK